American Geography - Sudden Death - Statistics

General Stats
  • This quiz has been taken 94 times
  • The average score is 7 of 15
Answers on the Grid
Answers color-coded by a green-red scale on the quiz's grid according to % correct below.
Lake Baikal
Yucatán Peninsula
Amazon Rainforest
Gobi Desert
Kenai Peninsula
Socotra
Faroe Islands
Christmas Island
Tierra del Fuego
Salish Sea
St. Lawrence River
Canary Islands
Galapagos Islands
North Island
Java
Greenland
Big Diomede Island
Lake Geneva
Lake Erie
Lake Titicaca
Hawaii
Pitcairn Islands
Puget Sound
Hudson Bay
Darién Gap
Andes Mountains
Luzon
Tabernas Desert
Jamaica
Corsica
 
Answer Stats
Answer % Correct
North America Yucatán Peninsula
76%
South America Amazon Rainforest
73%
North America Lake Erie
68%
South America Galapagos Islands
62%
North America St. Lawrence River
60%
South America Tierra del Fuego
54%
South America Lake Titicaca
44%
North America Jamaica
43%
North America Greenland
38%
South America Andes Mountains
37%
North America Hudson Bay
30%
North/South America Darién Gap
29%
North America Puget Sound
29%
North America Kenai Peninsula
21%
North America Salish Sea
13%
No matching quizzes found
Score Distribution
Percent of People with Each Score
Percentile by Number Answered
Your Score History
You have not taken this quiz